รัฐธรรมนูญฉบับ พ.ศ. 2521 : ศึกษาเฉพาะกรณีความเหมาะสมกับสภาพความเป็นจริงทางการเมืองและสังคมของประเทศไทย (ระเบียนเลขที่ 29425)
| 000 -LEADER | |
|---|---|
| fixed length control field | 01690nam a22002897a 4500 |
| 005 - DATE AND TIME OF LATEST TRANSACTION | |
| control field | 20210325191739.0 |
| 008 - FIXED-LENGTH DATA ELEMENTS--GENERAL INFORMATION | |
| fixed length control field | s2537 th tha d |
| 020 ## - INTERNATIONAL STANDARD BOOK NUMBER | |
| International Standard Book Number | 9745836141 |
| 041 ## - LANGUAGE CODE | |
| Language code of text/sound track or separate title | tha |
| 090 ## - LOCALLY ASSIGNED LC-TYPE CALL NUMBER (OCLC); LOCAL CALL NUMBER (RLIN) | |
| Classification number (OCLC) (R) ; Classification number, CALL (RLIN) (NR) | ว KD12/2521 ป496ร 2537 |
| 100 0# - MAIN ENTRY--PERSONAL NAME | |
| Personal name | ปวีณา อินวะษา |
| 245 10 - TITLE STATEMENT | |
| Title | รัฐธรรมนูญฉบับ พ.ศ. 2521 : ศึกษาเฉพาะกรณีความเหมาะสมกับสภาพความเป็นจริงทางการเมืองและสังคมของประเทศไทย |
| 260 3# - PUBLICATION, DISTRIBUTION, ETC. | |
| Place of publication, distribution, etc. | ม.ป.ท. : |
| Name of publisher, distributor, etc. | จุฬาลงกรณ์มหาวิทยาลัย, |
| Date of publication, distribution, etc. | 2537 |
| 300 ## - PHYSICAL DESCRIPTION | |
| Extent | 266 หน้า : |
| Other physical details | ตาราง ; |
| Dimensions | 30 ซม. |
| 650 04 - SUBJECT ADDED ENTRY--TOPICAL TERM | |
| Topical term or geographic name entry element | ปริญญาโท (รัฐศาสตรมหาบัณฑิต) -- สาขาวิชาการปกครอง คณะรัฐศาสตร์ จุฬาลงกรณ์มหาวิทยาลัย |
| 650 04 - SUBJECT ADDED ENTRY--TOPICAL TERM | |
| Topical term or geographic name entry element | การร่างรัฐธรรมนูญ |
| 650 04 - SUBJECT ADDED ENTRY--TOPICAL TERM | |
| Topical term or geographic name entry element | พฤษภาทมิฬ |
| 650 04 - SUBJECT ADDED ENTRY--TOPICAL TERM | |
| Topical term or geographic name entry element | รัฐธรรมนูญ -- ไทย -- 2521 |
| 650 04 - SUBJECT ADDED ENTRY--TOPICAL TERM | |
| Topical term or geographic name entry element | รัฐประหาร 20 ตุลาคม 2520 |
| 650 04 - SUBJECT ADDED ENTRY--TOPICAL TERM | |
| Topical term or geographic name entry element | รัฐประหาร 23 กุมภาพันธ์ 2534 |
| 650 04 - SUBJECT ADDED ENTRY--TOPICAL TERM | |
| Topical term or geographic name entry element | เหตุการณ์ 6 ตุลาคม 2519 |
| 650 04 - SUBJECT ADDED ENTRY--TOPICAL TERM | |
| Topical term or geographic name entry element | ไทย -- การเมืองและการปกครอง -- 2519--2534 |
| 850 ## - HOLDING INSTITUTION | |
| Holding institution | NALT |
| 942 ## - ADDED ENTRY ELEMENTS (KOHA) | |
| Koha item type | Research/Thesis |
| 997 ## - | |
| -- | 000000000029425 |
| -- | VC |
| 998 ## - LOCAL CONTROL INFORMATION (RLIN) | |
| -- | นางสาวอารีรัตน์ วิชาช่าง |
| Withdrawn status | Lost status | Damaged status | Not for loan | Collection code | Home library | Current library | Total Checkouts | Full call number | Barcode | Date last seen | Price effective from | Koha item type |
|---|---|---|---|---|---|---|---|---|---|---|---|---|
| Research & Theses collection | National Assembly Library of Thailand | National Assembly Library of Thailand | ว KD12/2521 ป496ร 2537 | 3961130349 | 09/06/2017 | 09/06/2017 | Research/Thesis |
